000 00758 a2200169 4500
999 _c9522
_d9522
020 _a0000000
050 _aKF1371 BAM 1971
100 _a Bamford, B. R. (Brian Reginald)
_eauthor
245 _aBamford on the law of partnerships and voluntary associations in South Africa /
_cB R Bamford
264 _aCape Town:
_bJuta,
_c1971.
300 _axxxix, 259 pages 25 cm
500 _aIncludes legislation. First ed. published in 1958 under title: The law of partnerships and voluntary associations in South Africa.
650 _a Associations, institutions, etc. -- Law and legislation -- South Africa.
650 _aNonprofit organizations -- Law and legislation -- South Africa
650 _aPartnership -- South Africa.
942 _2lcc
_cBK
_h1371
_iBAM
_kKF